| 000 | 00535nam a2200133Ia 4500 | ||
|---|---|---|---|
| 008 | 220615s9999||||xx |||||||||||||| ||und|| | ||
| 020 | _a9780260000000 | ||
| 100 | _aSuhr, H. Cecilia | ||
| 245 | 0 |
_aEvaluation and Credentialing in Digital Music Communities _bBenefits and Challenges for Learning and Assessment |
|
| 546 | _aEnglish[eng] | ||
| 650 | _aEducational equipment and technology, computer-aided learning (CAL)||Music||Social media / social networking | ||
| 856 | _uhttps://doi.org/10.7551/mitpress/10004.001.0001 | ||
| 942 | _cEB | ||
| 999 |
_c14386 _d14386 |
||